Madden 19 Top 100 - Statistics

General Stats
  • This quiz has been taken 182 times
  • The average score is 17 of 100
Answer Stats
Hint Answer % Correct
99 Tom Brady
90%
99 Aaron Rodgers
64%
99 Antonio Brown
64%
99 Aaron Donald
52%
98 Julio Jones
50%
92 Drew Brees
47%
98 JJ Watt
47%
99 Rob Gronkowski
45%
92 Todd Gurley
39%
95 Odell Beckham
38%
99 Von Miller
38%
94 DeAndre Hopkins
36%
96 LeVeon Bell
36%
91 Russell Wilson
36%
95 Travis Kelce
36%
98 Khalil Mack
32%
93 AJ Green
28%
97 Jalen Ramsey
28%
99 Luke Kuechly
28%
90 Richard Sherman
28%
92 Ezekiel Elliott
26%
97 Bobby Wagner
25%
91 Patrick Peterson
23%
95 Earl Thomas
21%
90 LeSean McCoy
20%
89 Kareem Hunt
19%
93 David Johnson
18%
94 Fletcher Cox
18%
89 Larry Fitzgerald
17%
94 AJ Bouye
16%
90 Stefon Diggs
16%
92 Xavier Rhodes
16%
94 Calais Campbell
15%
92 Jason Kelce
15%
92 Keenan Allen
15%
89 Mike Evans
15%
95 Tyron Smith
15%
97 Harrison Smith
14%
96 Zack Martin
14%
95 Cameron Jordan
13%
90 Doug Baldwin
13%
91 Geno Atkins
13%
91 Lane Johnson
13%
94 Trent Williams
13%
91 Zach Ertz
13%
90 Alshon Jeffery
12%
91 Devonta Freeman
12%
90 Gerald McCoy
12%
92 Greg Olsen
12%
91 Jadeveon Clowney
12%
90 Joey Bosa
12%
89 Melvin Gordon
12%
94 Ndamukong Suh
12%
95 Damon Harrison
11%
96 Eric Berry
11%
91 Jason Peters
11%
95 David DeCastro
10%
95 Lavonte David
10%
89 TY Hilton
10%
93 Tyrann Mathieu
10%
90 Alex Mack
9%
90 Chandler Jones
9%
97 David Bakhtiari
9%
92 Everson Griffen
9%
89 Golden Tate
9%
92 Marshal Yanda
9%
90 Telvin Smith
9%
96 Travis Frederick
9%
93 Brandon Brooks
8%
93 Brandon Graham
8%
92 Devin McCourty
8%
94 Jordan Reed
8%
94 Malcolm Jenkins
8%
90 Marshon Lattimore
8%
91 Micheal Thomas
8%
95 Sean Lee
8%
91 Darius Slay
7%
91 Deion Jones
7%
93 Desmond Trufant
7%
90 Justin Houston
7%
89 Kevin Byard
7%
90 Landon Collins
7%
90 Melvin Ingram
7%
92 Micah Hyde
7%
89 Cameron Heyward
6%
92 Casey Hayward
6%
93 Delanie Walker
6%
90 Joe Staley
6%
89 Jurrell Casey
6%
91 DeMarcus Lawrence
5%
90 Adrian Amos
4%
90 Kelechi Osemele
4%
90 Lamarcus Joyner
4%
90 Linval Joseph
4%
91 Mike Daniels
4%
91 Reshad Jones
4%
95 Rodney Hudson
4%
90 Brandon Scherff
3%
91 Andrew Norwell
1%
89 Tyler Eifert
1%
No matching quizzes found
Score Distribution
Percent of People with Each Score
Percentile by Number Answered
Your Score History
You have not taken this quiz